LEADER 01526nam a2200277 i 4500 001 991002509039707536 005 20020508201426.0 008 011128s|||| it ||| | ita 020 $a8879889249 035 $ab11020106-39ule_inst 035 $aPARLA163963$9ExL 040 $aDip.to Scienze Storiche Fil. e Geogr.$bita 110 2 $aSocietà internazionale di studi francescani$0167009 245 10$aDal pulpito alla cattedra :$bi vescovi degli ordini mendicanti nel '200 e nel primo '300 :$batti del 27. Convegno internazionale : Assisi, 14-16 ottobre 1999 /$cSocietà internazionale di studi francescani, Centro interuniversitario di studi francescani 260 $aSpoleto :$bCentro italiano di studi sull'alto Medioevo,$c2000 300 $aX, 420 p. ;$c23 cm. 490 0 $aAtti dei convegni della Società internazionale di studi francescani e del Centro interuniversitario di studi francescani.$pN. S. ;$v10 490 0 $aSISF convegni ;$v27 710 2 $aCentro interuniversitario di studi francescani$eauthor$4http://id.loc.gov/vocabulary/relators/aut$0167010 907 $a.b11020106$b23-02-17$c28-06-02 912 $a991002509039707536 945 $aLE019 A1 ST B 31$g1$i2019000005609$lle019$o-$pE0.00$q-$rl$s- $t0$u2$v1$w2$x0$y.i14362752$z09-02-07 945 $aLE009 MSM VIII Coll. 18/27$g1$i2009000142725$lle009$o-$pE0.00$q-$rn$so $t0$u0$v0$w0$x0$y.i11139341$z28-06-02 996 $aDal pulpito alla cattedra$91456647 997 $aUNISALENTO 998 $ale019$ale009$b01-01-01$cm$da $e-$fita$git $h0$i2 LEADER 02595nam 2200649 450 001 9910778838103321 005 20230123145423.0 010 $a1-283-11013-X 010 $a9786613110138 010 $a0-8195-7208-X 010 $a0-585-37885-1 035 $a(CKB)111004368627492 035 $a(EBL)776848 035 $a(OCoLC)767498673 035 $a(SSID)ssj0000271946 035 $a(PQKBManifestationID)11222717 035 $a(PQKBTitleCode)TC0000271946 035 $a(PQKBWorkID)10295843 035 $a(PQKB)11707425 035 $a(OCoLC)48138551 035 $a(MdBmJHUP)muse1361 035 $a(Au-PeEL)EBL776848 035 $a(CaPaEBR)ebr10468484 035 $a(CaONFJC)MIL311013 035 $a(UtSlPG)43284 035 $a(MiAaPQ)EBC776848 035 $a(MiAaPQ)EBC29040013 035 $a(Au-PeEL)EBL29040013 035 $a(OCoLC)1295272507 035 $a(EXLCZ)99111004368627492 100 $a20230123d1996 uy 0 101 0 $aeng 135 $aur|n|---||||| 181 $ctxt 182 $cc 183 $acr 200 10$aWilderness $ea journal of quiet adventure in Alaska : including extensive hitherto unpublished passages from the original journal /$fRockwell Kent 205 $a1st ed. 210 1$aMiddletown, Connecticut :$cWesleyan University Press,$d[1996] 210 4$d©1996 215 $a1 online resource (248 p.) 300 $aOriginally published: Rev. ed. Los Angeles : Wilderness Press, 1970. With new foreword. 311 $a0-8195-5293-3 327 $aCover; Cover; Half title; Half title; Title; Title; Copyright; Copyright; Dedication; Dedication; Contents; Contents; Illustrations; Illustrations; Foreword; Foreword; Preface; Preface; A Second Preface; A Second Preface; Third Preface; Third Preface; Introduction to Alaska Drawings; Introduction to Alaska Drawings; I. Discovery; I. Discovery; II. Arrival; II. Arrival; III. Chores; III. Chores; IV. Winter; IV. Winter; V. Waiting; V. Waiting; VI. Excursion; VI. Excursion; VII. Home; VII. Home; VIII. Christmas; VIII. Christmas; IX. New Year; IX. New Year; X. Olson!; X. Olson!; XI. Twilight 327 $aXI. TwilightThe Mad Hermit; The Mad Hermit 330 $aA new paperback edition of Kent's first book, often referred to as ""Alaska's Walden."" 606 $aArtists$zAlaska 615 0$aArtists 676 $a741.973 700 $aKent$b Rockwell$f1882-1971,$01163375 801 0$bMiAaPQ 801 1$bMiAaPQ 801 2$bMiAaPQ 906 $aBOOK 912 $a9910778838103321 996 $aWilderness$93849215 997 $aUNINA